000
00288 a2200121 4500
001
146474
040
_c
Escola São Tomás de Aquino
100
_a
MINTERS, Frances
240
1
0
_a
A bela desadormecida
_l
por
245
1
0
_a
A bela desadormecida
697
_a
*LITERATURA INFANTO
942
_c
BK
999
_c
146474
_d
146474